| 000 | 00627nam a22001817a 4500 | ||
|---|---|---|---|
| 999 |
_c61095 _d61095 |
||
| 005 | 20231219115313.0 | ||
| 008 | 231219s1993 ru ||||| |||| 00| 0 rus d | ||
| 020 | _a5734900028 | ||
| 041 | _arus | ||
| 080 | _a94(3) P-15 | ||
| 100 |
_aРаджак? Тесса _920781 |
||
| 245 |
_aИосиф Флавий. Историк и общество / _cТесса Раджак |
||
| 264 |
_aМосква, _c1993. |
||
| 300 |
_a275 с.; _b21 см. |
||
| 653 | _aიოსებ ფლავიუსი. ისტორიკოსი და საზოგადოება | ||
| 653 | _aისტორია | ||
| 942 |
_2udc _cBK |
||